L'estate in tavola : viaggio nelle cucine d'Italia : antipasti, insalate, primi piatti, zuppe, secondi, verdure, dolci, merende.

Uloženo v:
Podrobná bibliografie
Médium: Kniha
Jazyk:italština
Vydáno: [Piacenza] : Conad, 2013
Tagy: Přidat tag
Žádné tagy, Buďte první, kdo vytvoří štítek k tomuto záznamu!

MARC

LEADER 00000nam a22000007i 4500
001 IT\ICCU\MOD\1643765
003 ItRI
005 20240826173623.0
008 150312s2013 it |||||| ||||| |||||c
020 |a 9788896037416 
040 |b ita  |c CDM 
041 7 |a ita  |2 ISO-639-2 
245 0 2 |a L'estate in tavola :  |b viaggio nelle cucine d'Italia : antipasti, insalate, primi piatti, zuppe, secondi, verdure, dolci, merende. 
260 |a [Piacenza] :  |b Conad,  |c 2013 
300 |a 120 p. :  |b ill. ;  |c 22 cm. 
942 |2 ddc  |c BK 
952 |0 0  |1 0  |2 ddc  |4 0  |6 641_500000000000000_EST  |7 1  |9 1840  |a RA  |b RA  |d 2024-08-26  |l 0  |o 641.5 EST  |p 9437  |r 2024-08-26 17:36:46  |w 2024-08-26  |y BK 
981 1 |6 z01  |a i   |b xxxe  
982 1 |6 z01  |a n 
999 |c 1648  |d 1648